| 000 | 00547nam a2200181 i 4500 | ||
|---|---|---|---|
| 001 | 84313 | ||
| 003 | ES-MaACL | ||
| 005 | 20250915063037.0 | ||
| 007 | t| | ||
| 008 | 041122s1945 sp ||||1| spa d | ||
| 100 | 1 |
_aXiménez de Sandoval, Felipe, _d1903-1978 _9117510 |
|
| 245 | 1 | 0 |
_aDiálogos de la diplomacia / _cFelipe Ximénez de Sandoval. |
| 250 | _a[1ª ed.]. | ||
| 260 |
_aBarcelona : _bJuventud, _c[1945] ( _fAgustín Núñez) |
||
| 300 |
_a216 p. ; _c19 cm. |
||
| 852 |
_aES-MaACL _jB-10666 _bR.22969 |
||
| 999 |
_c84313 _d84313 |
||